Informe sobre Chile 2004: la base de datos más completa de Chile desde 1975
Saved in:
| Format: | Bog |
|---|---|
| Sprog: | spansk |
| Udgivet: |
Santiago
Gestión
2004
|
| Serier: | Colección Estrategia
|
| Fag: | |
| Tags: |
Tilføj Tag
Ingen Tags, Vær først til at tagge denne postø!
|
MARC
| LEADER | 00000nam a2200000 a 4500 | ||
|---|---|---|---|
| 001 | UCK1637 | ||
| 003 | CL-VaPUC | ||
| 008 | 041119e20040000CL |||||||||||||||||spa|d | ||
| 020 | |a 9562710475 | ||
| 082 | 0 | 4 | |a 318.3 |b INF |2 21 |
| 245 | 1 | 0 | |a Informe sobre Chile 2004: la base de datos más completa de Chile desde 1975 |
| 300 | |a 290 p | ||
| 942 | |c BK | ||
| 945 | |d 20041119 00:00:00 |a cmena | ||
| 260 | |a Santiago |b Gestión |c 2004 | ||
| 650 | 0 | |a Desarrollo económico y social |9 256320 | |
| 650 | 7 | |a COMERCIO INTERNACIONAL |2 CL-VaPUC |9 489554 | |
| 650 | 7 | |a CUENTAS NACIONALES |2 CL-VaPUC |9 344474 | |
| 650 | 0 | |a Estado y educación |9 311264 | |
| 651 | 7 | |a CHILE |2 CL-VaPUC |9 489555 | |
| 583 | |a last modification |c 20041119 00:00:00 |k Rodrigo Vera | ||
| 490 | 0 | |a Colección Estrategia | |
| 999 | |c 311535 |d 311533 | ||
| 952 | |0 0 |1 0 |4 0 |6 318_300000000000000_INF_2004 |7 0 |8 F |9 380982 |a BIBENE |b BIBENE |d 2019-11-21 |i 4079175 |o 318.3 INF 2004 |p 4079175 |r 2025-01-15 |w 2019-11-21 |y BK_F |k ICO | ||
| 952 | |0 0 |1 0 |4 0 |6 318_300000000000000_INF_2004 |7 0 |8 F |9 380983 |a BIBENE |b BIBENE |d 2019-11-21 |i 4084047 |o 318.3 INF 2004 |p 4084047 |r 2025-01-15 |w 2019-11-21 |y BK_F |k ICO | ||
| 952 | |0 0 |1 0 |4 0 |6 318_300000000000000_INF_2004 |7 0 |8 F |9 380984 |a BIBING |b BIBING |d 2019-11-21 |i 4084039 |o 318.3 INF 2004 |p 4084039 |r 2025-01-20 |w 2019-11-21 |y BK_F |k GEO | ||